| 000 | 00752nam a22002657a 4500 | ||
|---|---|---|---|
| 001 | BR0300913 | ||
| 003 | BR-BrBNA | ||
| 005 | 20230928101233.0 | ||
| 007 | ta | ||
| 008 | 230509b bl.||||| |||| 00| 0 por d | ||
| 040 |
_aBR-BrBNA _bpor _cBiblioteca Nacional de Agricultura |
||
| 041 | _a(Por) | ||
| 072 | _aE14 | ||
| 090 | _ E14 BR0300913 | ||
| 100 | 1 | _aIICA, Brasília, DF (Brazil) | |
| 245 | 1 | _aBoletim do agronegócio e do desenvolvimento rural; IICA - 60 anos (1942-2002) | |
| 260 | 3 |
_aBrasília, DF (Brasil): _c2002. |
|
| 300 | _a78 p. | ||
| 650 | _aDESENVOLVIMENTO RURAL | ||
| 650 | _aAGRIBUSINESS | ||
| 650 | _aASSISTÊNCIA TÉCNICA | ||
| 650 | _aCOOPERAÇÃO INTERNACIONAL | ||
| 909 |
_a202309 _bLucia _c55 _dLucia Elande |
||
| 942 | _cBK | ||
| 999 |
_c64868 _d64868 |
||